Top 25 College Football Rankings(All Time) - Statistics

General Stats
  • This quiz has been taken 344 times
  • The average score is 20 of 25
Answer Stats
Hint Answer % Correct
1 Alabama
100%
4 Michigan
96%
12 Georgia
95%
8 Texas
93%
15 Florida
92%
13 Florida State
86%
2 Ohio State
86%
6 USC
86%
3 Oklahoma
85%
18 Clemson
84%
11 LSU
82%
5 Notre Dame
81%
9 Penn State
79%
10 Tennessee
78%
24 Ole Miss
77%
14 Auburn
75%
16 Miami
75%
21 Texas A&M
74%
17 UCLA
74%
22 Washington
74%
7 Nebraska
73%
19 Michigan State
71%
23 Wisconsin
61%
25 Iowa
58%
20 Arkansas
52%
No matching quizzes found
Score Distribution
Percent of People with Each Score
Percentile by Number Answered
Your Score History
You have not taken this quiz